1807 1843 1447 1958 1122 1564 1295 1347 1630 1684 1278 1134 1718 1382 1133 1794 1469 1389 1588 1448 1391 1985 1807 1570 1528 1982 1365 1781 1017 1728 1032 1090 1157 1418 1827 1456 1879 1905 1772 1121 1729 1106 1219 1176 1049 1387 1425 1583 1958 1328 1867 1002 1224 1430 1382 1296 1655 1205 1290 1110 1286 1422 1975 1294 1006 1717 1407 1619 1626 1628 1601 1119 1328 1129 1707 1959 1737 1705 1386 1644 1622 1265 1079 1661 1933 1713 1214 1789 1157 1161 1158 1858 1501 1607 1561 1278 1612 1212 1426 BCNSPRNW ULIB Ver.6.0+V

เปลี่ยนเป็นภาษาไทย

Change to English
 แสดงรายละเอียดบรรณานุกรม
  กลับหน้าหลัก

Brief Record : Get Marc (ISO 2709) : E-mail record : QR code < ปิดหน้าต่าง
LEADER : 00000nam 2200000uu 4500
001    13399112540
003     ULIB
008    110823sมปป.||||th 000 0 tha d
020    9789740699170
090    นว.^bT111อ
100 0  TheLittleFinger
245 00 โอมเพี้ยง แม่มดอลวนรักยกกำลังสอง/^cTheLittleFinger
250    พิมพ์ครั้งที่ 1
260    กรุงเทพฯ :^bแจ่มใส
300    187 หน้า
710 1  แจ่มใส
945    ^p139^l0^i15322
995    กัณชพร
999     ^aใช้งานได้ทุกระบบ
รายการนี้ยังไม่มีแท็ก
คุณยังไม่ได้ล็อกอิน คุณสามารถมีกิจกรรมร่วมกับเว็บไซต์ได้ แต่ต้องล็อกอินก่อน ::
  ล็อกอิน

รายการสื่อสารสนเทศ

ลำดับที่ ประเภท เลขเรียก/บาร์โค้ด สถานที่ สถานะ
1. นวนิยาย
นวนิยาย
นว. T111อ  
  Barcode: 15322
ห้องสมุดวิทยาเขตสวรรค์ประชารักษ์
►นวนิยาย
บนชั้น
  ขอยืม

รายการใกล้เคียง
    ผู้แต่ง [TheLittleFinger]

BibComment


ยังไม่เคยถูกคอมเมนท์

คอมเมนท์ทรัพยากรรายการนี้
  คอมเมนท์: โอมเพี้ยง แม่มดอล..


 Copyright 2026. Bcnsprnw @Library